000 00664nam a22001937a 4500
999 _c62320
_d62320
005 20240926110231.0
008 240925s2023 enk||||| |||| 00| 0 eng d
020 _a9780323793742x
041 _aeng
080 _a611(084.4) N-47
100 _aNetter, Frank H.
_98646
245 _aNetter atlas of human anatomy :
_bclassic regional approach /
_cFrank H. Netter.
250 _aEighth edition
264 _aPhiladelphia :
_bElsevier,
_c2023.
300 _a556 p.:
_bill. ;
_c29 cm.
653 _aადამიანის ანატომიის წმინდა ატლასი
653 _aმედიცინა
942 _2udc
_cᲬᲘᲒᲜᲘ